000 00466nam a2200133Ia 4500
008 100328s9999 xx 000 0 und d
082 _b12411
100 _aदेशपांडे हरिहर वामन
245 _a1857च्या वीर महिला
260 _bमहेश्वर मुद्रणालय
630 _a1857च्या वीर महिला
730 _a1857च्या वीर महिला
942 _cBOOK
999 _c507666
_d507663